| 000 | 00910cam a22002777a 4500 | ||
|---|---|---|---|
| 008 | |||
| 020 | _a9780470467268 (pbk.) | ||
| 049 | _aMAIN | ||
| 090 |
_aT65.5.C65 _bBUR |
||
| 100 | 1 | _aBurbank, Jack. | |
| 245 | 1 | 3 |
_aAn introduction to network modeling and simulation for the practicing engineer / _cby Jack Burbank, William Kasch, Jon Ward. |
| 260 |
_aHoboken : _bJohn Wiley & Sons, _c2011. |
||
| 300 |
_axi, 203 p. : _bill. ; _c24 cm. |
||
| 440 | _aComSoc guides to communications technologies. | ||
| 504 | _aIncludes bibliographical references. | ||
| 500 | _aIncludes index. | ||
| 650 | 0 |
_aEngineering _xComputer simulation. |
|
| 650 | 0 | _aComputer networks. | |
| 700 | 1 | _aKasch, William. | |
| 700 | 1 | _aWard, Jon. | |
| 907 |
_a.b10384984 _b25-09-18 _c03-10-17 |
||
| 003 | |||
| 005 | 20230123122313.0 | ||
| 040 | _cNUST | ||
| 942 |
_cBOOKS _kT65.5.C65 _mBUR |
||
| 999 |
_c131335 _d131335 |
||